000 00321nam a22001457a 4500
003 SGT
020 _a8187162066
082 _a346.54
_bSHA
100 _aSHAVAKSHA K S
245 _aTHE TRADE AND MERCHANDISE MARK ACT 1958
250 _a3
260 _aNEW DELHI
_bBUTTERWORTH
_c1999
300 _a556
942 _2ddc
_cBK
999 _c25539
_d25539